000
00319nam a22001337a 4500
020
_a
978-0-140-15807-6
082
_a
823
_b
DAH/C
100
_a
DAHIL,ROALD
245
_a
THE COLLECTED SHORT STORIES OF ROALD DAHIL
260
_a
NEW YORK
_b
PENGUINBOOKS
300
_a
762
650
_a
SHORT STORIES
_z
NEW YORK
942
_c
BK
999
_c
3569
_d
3569